000 00497nam a2200205Ia 4500
005 20240404151803.0
008 131103s9999 xx 000 0 und d
040 _aLoreto College
041 _aEnglish
082 _a301.15
_bKUP
100 _aKuppuswamy, B.
245 _aElements of Social Psychology
_cB. Kuppuswamy
260 _aDelhi
_bVikad
_c1973
300 _a228p.
504 _aIncludes index
650 _aEducation
651 _aPsychology
850 _aLCBED
942 _cBK
999 _c34607
_d85086